000 00512pab a2200181 454500
008 180718b2007 xxu||||| |||| 00| 0 eng d
100 _aHassan, Mohammad Izhar
245 _aRegional inequality in Orissa: some emerging issues
260 _c2007
300 _ap.40-49.
650 _aRegional disparities - India - Orissa
650 _aRegional disparities
700 _aMisra, B.K.
700 _aDaspattanayak, Pritirekha
773 _aIndian Journal of Regional Science
908 _aN
909 _a74691
999 _c74691
_d74691